Sports Quiz

Random Sports or Olympics Quiz
Score 0/14 Timer 10:00
0 Plays Today
Hint Answer % Correct
Men's TeamChina
90.5%
Women's TeamUnited States
85.7%
Women's Individual All-AroundGabrielle Douglas (United States)
81%
Women's Floor ExerciseAlexandra Raisman (United States)
77.8%
Men's Individual All-AroundKohei Uchimura (Japan)
71.4%
Women's Uneven BarsAliya Mustafina (Russia)
69.8%
Women's VaultSandra Raluca Izbasa (Romania)
55.6%
Hint Answer % Correct
Women's Balance BeamDeng Linlin (China)
50.8%
Men's Horizontal BarEpke Zonderland (Netherlands)
49.2%
Men's Pommel HorseKrisztian Berki (Hungary)
41.3%
Men's Still RingsArthur Nabarrete Zanetti (Brazil)
36.5%
Men's Floor ExerciseZou Kai (China)
33.3%
Men's VaultYang Hak-Seon (South Korea)
22.2%
Men's Parallel BarsFeng Zhe (China)
20.6%
Come Together.
Have Fun.
All Virtual.
We all need to come together. Play Sporcle's virtual live trivia to have fun, connect with people, and get your trivia on. Join a live hosted trivia game for your favorite pub trivia experience done virtually. If a virtual private party is more your thing, go here for details.

You're not logged in!

Compare scores with friends on all Sporcle quizzes.
OR
Log In

Sporcle TV

Today on Sporcle TV


Watch our educational content, quiz creation guides, and fun videos on Sporcle TV.

Show Comments

Extras

Top Quizzes Today


Score Distribution

Paid Content

Your Account Isn't Verified!

In order to create a playlist on Sporcle, you need to verify the email address you used during registration. Go to your Sporcle Settings to finish the process.

Report this User

Report this user for behavior that violates our Community Guidelines.

Details: